| 000 | 00509nam a2200181Ia 4500 | ||
|---|---|---|---|
| 008 | 240925s9999 xx 000 0 und d | ||
| 020 | _a619120770 | ||
| 082 | _a005.43 PAL | ||
| 100 | _aMicheal , Palmer ; Walter, Michael | ||
| 245 | 0 | _aGuide to Operating Systems | |
| 250 | _a2nd | ||
| 260 |
_aAustralia: _bThomson Learning _c,2002. |
||
| 300 |
_axv,793p. _bNA _fPirated |
||
| 500 | _aIncludes Index | ||
| 600 | _aComputer Science | ||
| 650 | _aComputer science, information & general works | ||
| 942 | _cBK | ||
| 999 |
_c7000 _d7000 |
||